000 00204 a2200097 4500
001 57059
100 _a
245 _aMan-wo-Salwa
260 _aLahore
_bIlm-o-irfan
_c2007
090 _c34989
_d34989
942 _aNUST-CAE
_cMONOGRAPH
_c27767
999 _c292132
_d292132